Лекции Летней школы по международному публичному праву. [Т. 2]: Право договоров (Запись № 12029688)

Подробности
000 -МАРКЕР
контрольное поле 02100nam2a2200337 4500
001 - ИДЕНТИФИКАТОР ЗАПИСИ
контрольное поле RU\NLR\BIBL_A\012461875
005 - ИДЕНТИФИКАТОР ВЕРСИИ
контрольное поле 20250624041529.0
021 ## - НОМЕР ГОСУДАРСТВЕННОЙ РЕГИСТРАЦИИ
Код страны российская федерация
Номер 2020-59718
Номер Листа государственной регистраци КН-П-4460
035 ## - ДРУГИЕ СИСТЕМНЫЕ НОМЕРА
Идентификатор записи (RuMoRGB)010437314
035 ## - ДРУГИЕ СИСТЕМНЫЕ НОМЕРА
Идентификатор записи (NLR Aleph) 012461875
100 ## - ДАННЫЕ ОБЩЕЙ ОБРАБОТКИ
Данные общей обработки 20210226d2020 |||y0rusy50 ca
101 0# - ЯЗЫК РЕСУРСА
Язык текста, звукозаписи и т.д. русский
-- английский
102 ## - СТРАНА ПУБЛИКАЦИИ ИЛИ ПРОИЗВОДСТВА
Страна публикации российская федерация
105 ## - ПОЛЕ КОДИРОВАННЫХ ДАННЫХ: ТЕКСТОВЫЕ МАТЕРИАЛЫ, МОНОГРАФИЧЕСКИЕ
Кодированные данные о монографическом текстовом документе ac||z|||100zy
200 1# - ЗАГЛАВИЕ И СВЕДЕНИЯ ОБ ОТВЕТСТВЕННОСТИ
Основное заглавие Право договоров
Параллельное заглавие Law of treaties
Сведения, относящиеся к заглавию [лекции 2018 года]
Первые сведения об ответственности Марсело Коэн
Язык параллельного заглавия английский
210 ## - ПУБЛИКАЦИЯ, РАСПРОСТРАНЕНИЕ И ДР.
Дата издания, распространения и т.д. 2020
Место издания, распространения и т.д. Б. м.
215 ## - ФИЗИЧЕСКАЯ ХАРАКТЕРИСТИКА
Специфическое обозначение материала и объем 83 с.
Другие сведения о физической характеристике ил., портр.
300 ## - ОБЩИЕ ПРИМЕЧАНИЯ
Текст примечания Авт. также англ.: Marcelo G. Kohen
300 ## - ОБЩИЕ ПРИМЕЧАНИЯ
Текст примечания На с. 7 авт.: проф. Марсело Коэн
320 ## - ПРИМЕЧАНИЯ О НАЛИЧИИ В ДОКУМЕНТЕ БИБЛИОГРАФИИ / УКАЗАТЕЛЯ
Текст примечания Библиогр. в подстроч. примеч.
461 #0 - УРОВЕНЬ НАБОРА
Встроенное поле 001RU\NLR\BIBL_A\012451676
-- 2001#$aЛекции Летней школы по международному публичному праву$dCourses of the summer school on public international law$fЦентр международных и сравнительно-правовых исследований$zeng$v[Т. 2]
Системный номер (АБИС) связанной записи 11978659
Место публикации Москва
Дата публикации 2020
Первые сведения об ответственности Центр международных и сравнительно-правовых исследований
Параллельное заглавие Courses of the summer school on public international law
Имя издателя, распространителя и т.д. Центр международных и сравнительно-правовых исследований
Заглавие Лекции Летней школы по международному публичному праву
Номер тома [Т. 2]
510 1# - ПАРАЛЛЕЛЬНОЕ ЗАГЛАВИЕ
Связь между полями z11790
Параллельное заглавие Law of treaties
Язык заглавия английский
606 1# - НАИМЕНОВАНИЕ ТЕМЫ КАК ПРЕДМЕТ
Наименование темы Договоры и сделки
Формальный подзаголовок Учебные издания
Тематический подзаголовок Международно-правовые вопросы
Системный номер авторитетной/нормативной записи 2276302
Идентификатор авторитетной/нормативной записи RU\NLR\AUTH\661364078
686 1# - ИНДЕКСЫ ДРУГИХ КЛАССИФИКАЦИЙ
Индекс Х932я7
711 12 - НАИМЕНОВАНИЕ ОРГАНИЗАЦИИ - АЛЬТЕРНАТИВНАЯ ОТВЕТСТВЕННОСТЬ
Начальный элемент ввода Летняя школа по международному публичному праву
Место проведения временной организации Москва
Дата проведения временной организации 2018
Системный номер авторитетной/нормативной записи 735406
Идентификатор авторитетной/нормативной записи RU\NLR\AUTH\880536246
790 #1 - ИМЯ ЛИЦА - АЛЬТЕРНАТИВНАЯ ФОРМА
Связь между полями z11510
Начальный элемент ввода Kohen
Часть имени, кроме начального элемента ввода M.G.
Расширение инициалов личного имени Marcelo G
942 ## - ДОПОЛНИТЕЛЬНЫЕ ЭЛЕМЕНТЫ ЗАПИСИ (АБИС)
Тип экземпляра АБИС Книга
980 ## - КОЛЛЕКЦИЯ
Название коллекции Национальная библиография
Экземпляры
Тип экземпляра Дата поступления Источник поступления Стоимость Библиотека постоянного хранения Библиотека текущего хранения Место хранения Шифр хранения Штрих-код Статус не для выдачи
Книга 26.02.2021 Обязательный экземпляр 0.00 РНБ (Московский) РНБ (Московский) Русский книжный фонд: издания с 1957 года, 8этаж, Хран. 2021-4/732 1-3255097